Facultad de Derecho – Universidad Nacional de Mar del Plata

Tratado de derecho penal (Record no. 506)

MARC details
000 -LEADER
fixed length control field 00650cam a22002417a 4500
001 - CONTROL NUMBER
control field 000508
003 - CONTROL NUMBER IDENTIFIER
control field armpunfd
005 - DATE AND TIME OF LATEST TRANSACTION
control field 20180524163447.0
008 - FIXED-LENGTH DATA ELEMENTS--GENERAL INFORMATION
fixed length control field 011019e1964####xx#a##########000#0#und#d
040 ## - CATALOGING SOURCE
Original cataloging agency armpunfd
Transcribing agency armpunfd
080 ## - UNIVERSAL DECIMAL CLASSIFICATION NUMBER
Universal Decimal Classification number 343 J 564
100 10 - MAIN ENTRY--PERSONAL NAME
Personal name Jimenez De Asua, Luis
245 10 - TITLE STATEMENT
Title Tratado de derecho penal
260 ## - PUBLICATION, DISTRIBUTION, ETC. (IMPRINT)
Place of publication, distribution, etc Buenos Aires
Name of publisher, distributor, etc Losada
Date of publication, distribution, etc 1964
300 ## - PHYSICAL DESCRIPTION
Extent v.
500 ## - GENERAL NOTE
General note la biblioteca posee: v.1; ##
-- 2; ##
-- 3 y 7
650 #7 - SUBJECT ADDED ENTRY--TOPICAL TERM
Topical term or geographic name as entry element Derecho Penal
Source of heading or term LEMB
942 ## - ADDED ENTRY ELEMENTS (KOHA)
Koha item type LIBRO
Source of classification or shelving scheme
945 ## - LOCAL PROCESSING INFORMATION (OCLC)
a Catalis
d 2010-08-19
945 ## - LOCAL PROCESSING INFORMATION (OCLC)
a Catalis
d 2010-08-19
945 ## - LOCAL PROCESSING INFORMATION (OCLC)
a Catalis
d 2010-08-19
945 ## - LOCAL PROCESSING INFORMATION (OCLC)
a Catalis
d 2010-08-19
Holdings
Withdrawn status Lost status Source of classification or shelving scheme Damaged status Not for loan Home library Current library Shelving location Date acquired Serial Enumeration / chronology Total Checkouts Full call number Barcode Date last seen Date checked out Price effective from Koha item type
          Bib. Derecho Bib. Derecho Sector Prestamo 12/06/2014 V.1 1 343 J 564 102906 27/09/2024 20/09/2024 12/06/2014 LIBRO
          Bib. Derecho Bib. Derecho Sector Prestamo 12/06/2014 V.2   343 J 564 102908 12/06/2014   12/06/2014 LIBRO
          Bib. Derecho Bib. Derecho Sector Prestamo 12/06/2014 V.3   343 J 564 102909 12/06/2014   12/06/2014 LIBRO
          Bib. Derecho Bib. Derecho Sector Prestamo 12/06/2014 V.7   343 J 564 102910 12/06/2014   12/06/2014 LIBRO

XHTML | CSS | ©Biblioteca Central - Dto. Tecnología de la Información - [ Con tecnología Koha ]